| 000 | 01276nam a2200241 a 4500 | ||
|---|---|---|---|
| 999 |
_c11470 _d11470 |
||
| 001 | 11470 | ||
| 003 | BD-JhCC | ||
| 005 | 20190925085047.0 | ||
| 008 | 190625b20122018bg |||| ||a| 000 0 ben d | ||
| 020 | _a9789848950166 | ||
| 035 | _a(BD-JhCC)11470 | ||
| 040 |
_aBD-JhCC _dBD-JhCC |
||
| 041 | _aben | ||
| 082 |
_bUSM 2018 _a297 |
||
| 100 | _aউসমানী, শাইখুল ইসলাম মুফতী মুহাম্মাদ তাকী | ||
| 245 |
_aইসলাম ও আমাদের জীবন-১ : _bইসলামী আকীদা-বিশ্বাস / _cশাইখুল ইসলাম মুফতী মুহাম্মাদ তাকী উসমানী, অনু : মাওলানা আবুল বাশার মুহাম্মাদ সাইফুল ইসলাম । |
||
| 260 |
_aঢাকা: _bমাকতাবাতুল আশরাফ দ্বীনী গ্রন্থের আস্থার ঠিকানা; _c২০১৮. |
||
| 300 |
_a৪১৬ পৃ. : _c২২ সেমি. |
||
| 650 | _aIslami Aqida | ||
| 700 | _a ইসলাম, মাওলানা আবুল বাশার মুহাম্মাদ সাইফুল | ||
| 942 |
_2ddc _cBK |
||